Revenue statistics 1965-2000 special features

Salvato in:
Dettagli Bibliografici
Natura: Libro
Lingua:inglese
francese
Pubblicazione: Paris OECD 2001
Serie:Statistics
Soggetti:
Tags: Aggiungi Tag
Nessun Tag, puoi essere il primo ad aggiungerne!!

MARC

LEADER 00000nam a2200000 4500
001 c129456
005 20240422122246.6
020 |a 92-64-09515-2 
041 0 |a eng 
041 0 |a fre 
044 |a FR 
245 1 0 |a Revenue statistics 1965-2000  |b special features 
264 1 |a Paris  |b OECD  |c 2001 
300 |a 308 s. 
490 1 |a Statistics 
830 0 |a Statistics 
610 2 0 |a štatistika 
610 2 0 |a údaje štatistické 
610 2 0 |a porovnanie štatistické medzinárodné 
610 2 0 |a dane 
610 2 0 |a politika daňová 
610 2 0 |a futurity 
610 2 0 |a výkazy účtovné 
610 2 0 |a produkt domáci hrubý 
610 2 0 |a revízia hospodárenia 
610 2 0 |a svet 
610 2 0 |a OECD 
610 2 0 |a 1965-2000